<?xml version="1.0" encoding="UTF-8"?>
<record
    xmlns:xsi="http://www.w3.org/2001/XMLSchema-instance"
    xsi:schemaLocation="http://www.loc.gov/MARC21/slim http://www.loc.gov/standards/marcxml/schema/MARC21slim.xsd"
    xmlns="http://www.loc.gov/MARC21/slim">

  <leader>02251nam a22002417a 4500</leader>
  <controlfield tag="005">20251018094715.0</controlfield>
  <controlfield tag="008">251018b        |||||||| |||| 00| 0 eng d</controlfield>
  <datafield tag="020" ind1=" " ind2=" ">
    <subfield code="a">9780143477587</subfield>
  </datafield>
  <datafield tag="040" ind1=" " ind2=" ">
    <subfield code="c">AL</subfield>
  </datafield>
  <datafield tag="041" ind1=" " ind2=" ">
    <subfield code="a">eng</subfield>
  </datafield>
  <datafield tag="082" ind1=" " ind2=" ">
    <subfield code="a">006.3</subfield>
    <subfield code="b">SETH</subfield>
  </datafield>
  <datafield tag="100" ind1=" " ind2=" ">
    <subfield code="a">Nitin Seth</subfield>
    <subfield code="9">242484</subfield>
  </datafield>
  <datafield tag="245" ind1=" " ind2=" ">
    <subfield code="a">Human edge in the AI age</subfield>
    <subfield code="b">: eight timeless mantras for success</subfield>
  </datafield>
  <datafield tag="260" ind1=" " ind2=" ">
    <subfield code="a">Haryana</subfield>
    <subfield code="b">Penguin Business</subfield>
    <subfield code="c">2025</subfield>
  </datafield>
  <datafield tag="300" ind1=" " ind2=" ">
    <subfield code="a">xl,454p</subfield>
    <subfield code="b">HB</subfield>
    <subfield code="c">24x15.5cm</subfield>
  </datafield>
  <datafield tag="365" ind1=" " ind2=" ">
    <subfield code="2">General</subfield>
    <subfield code="a">LKo1-3754584</subfield>
    <subfield code="b">&#x20B9;495.00</subfield>
    <subfield code="c">&#x20B9;</subfield>
    <subfield code="d">&#x20B9;495.00</subfield>
    <subfield code="e">07-10-2025</subfield>
  </datafield>
  <datafield tag="520" ind1=" " ind2=" ">
    <subfield code="a">A seismic shift is underway&#x2015;one that will redefine work, value, and even what it means to be human.
Artificial Intelligence is not just disrupting industries&#x2015;it&#x2019;s beginning to outperform humans in areas once considered exclusively ours: complex reasoning, creativity, even emotional intelligence. As AI accelerates, it will displace millions of jobs&#x2015;while also creating once-in-a-generation opportunities for those ready to build, innovate, and lead.
This profound duality raises the defining question of our time:
In a world where machines can learn, decide, and simulate emotion&#x2015;what remains uniquely human? And how do we protect, strengthen, and evolve that edge?
In Human Edge in the AI Age, bestselling author and global tech leader Nitin Seth offers a powerful and deeply personal answer. Drawing on decades of leadership across McKinsey, Fidelity, Flipkart, and Incedo&#x2015;and rooted in the timeless wisdom of Indian philosophy&#x2015;he reframes the AI debate through a human lens.
At the heart of the book is POSSIBLE: an eight-dimensional framework that unlocks the core human strengths that will define success in the AI era&#x2015;including problem-solving, openness, spirituality, balance, leadership, and the spirit of entrepreneurship.
Whether you're a student stepping into an uncertain future, a professional navigating change, or a leader shaping what comes next, this is your blueprint for thriving&#x2015;not in spite of AI, but because of what makes you human.
The future is POSSIBLE. Let&#x2019;s lead it with the human edge.</subfield>
  </datafield>
  <datafield tag="650" ind1=" " ind2=" ">
    <subfield code="a">Teamwork</subfield>
    <subfield code="9">242478</subfield>
  </datafield>
  <datafield tag="650" ind1=" " ind2=" ">
    <subfield code="a">Problem Solving Skills</subfield>
    <subfield code="9">242479</subfield>
  </datafield>
  <datafield tag="650" ind1=" " ind2=" ">
    <subfield code="a">Spirituality</subfield>
    <subfield code="9">242480</subfield>
  </datafield>
  <datafield tag="650" ind1=" " ind2=" ">
    <subfield code="a">Entrepreneur</subfield>
    <subfield code="9">242481</subfield>
  </datafield>
  <datafield tag="942" ind1=" " ind2=" ">
    <subfield code="2">ddc</subfield>
    <subfield code="c">BK</subfield>
  </datafield>
  <datafield tag="999" ind1=" " ind2=" ">
    <subfield code="c">240576</subfield>
    <subfield code="d">240576</subfield>
  </datafield>
  <datafield tag="952" ind1=" " ind2=" ">
    <subfield code="0">0</subfield>
    <subfield code="1">0</subfield>
    <subfield code="2">ddc</subfield>
    <subfield code="4">0</subfield>
    <subfield code="7">0</subfield>
    <subfield code="8">GEN</subfield>
    <subfield code="a">AL</subfield>
    <subfield code="b">AL</subfield>
    <subfield code="c">SK</subfield>
    <subfield code="d">2025-10-14</subfield>
    <subfield code="e">amazon.in</subfield>
    <subfield code="g">495.00</subfield>
    <subfield code="l">0</subfield>
    <subfield code="o">006.3 SETH</subfield>
    <subfield code="p">077919</subfield>
    <subfield code="r">2025-10-18 09:43:55</subfield>
    <subfield code="v">495.00</subfield>
    <subfield code="w">2025-10-07</subfield>
    <subfield code="y">BK</subfield>
  </datafield>
</record>
